000 01356nam a2200325 a 4500
001 ebr10554343
003 CaPaEBR
006 m u
007 cr cn|||||||||
008 120502s2012 enkabf sb 001 0 eng d
020 _z9781848858206
020 _z9780857720856 (e-book)
040 _aCaPaEBR
_cCaPaEBR
035 _a(OCoLC)781629350
043 _aac-----
050 1 4 _aDK855.4
_b.K45 2012eb
100 1 _aKellner-Heinkele, Barbara.
245 1 0 _aLanguage politics in contemporary Central Asia
_h[electronic resource] :
_bnational and ethnic identity and the Soviet legacy /
_cBarbara Kellner-Heinkele and Jacob M. Landau.
260 _aLondon :
_bI.B. Tauris,
_c2012.
300 _a267 p., [3] p. of plates :
_bill, map.
504 _aIncludes bibliographical references and index.
533 _aElectronic reproduction.
_bPalo Alto, Calif. :
_cebrary,
_d2011.
_nAvailable via World Wide Web.
_nAccess may be limited to ebrary affiliated libraries.
650 0 _aEthnicity
_zAsia, Central.
650 0 _aPost-communism
_zAsia, Central.
651 0 _aAsia, Central
_xLanguages
_xPolitical aspects.
655 7 _aElectronic books.
_2local
700 1 _aLandau, Jacob M.
710 2 _aebrary, Inc.
856 4 0 _uhttp://site.ebrary.com/lib/rucke/Doc?id=10554343
_zAn electronic book accessible through the World Wide Web; click to view
999 _c91353
_d91353